Reflexiones sobre el Decreto constitucional para la libertad de la América Mexicana : (Record no. 148354)

MARC details
000 -LEADER
fixed length control field nam a22 4500
005 - DATE AND TIME OF LATEST TRANSACTION
control field 20190429140444.0
008 - FIXED-LENGTH DATA ELEMENTS--GENERAL INFORMATION
fixed length control field 190429b mx ||||| |||| 00| 0 spa d
020 ## - INTERNATIONAL STANDARD BOOK NUMBER
International Standard Book Number 9786079276577 (o.c.)
020 ## - INTERNATIONAL STANDARD BOOK NUMBER
International Standard Book Number 9786079276836 (volumen)
050 04 - LIBRARY OF CONGRESS CALL NUMBER
Classification number KGF2914 [1814]
Item number F59 2014
100 1# - MAIN ENTRY--PERSONAL NAME
Personal name Fix-Zamudio, Héctor,
Dates associated with a name 1924-
245 10 - TITLE STATEMENT
Title Reflexiones sobre el Decreto constitucional para la libertad de la América Mexicana :
Remainder of title sancionado en Apatzingán el 22 de octubre de 1814
Statement of responsibility, etc / Héctor Fix Zamudio
250 ## - EDITION STATEMENT
Edition statement 1a ed.
260 ## - PUBLICATION, DISTRIBUTION, ETC. (IMPRINT)
Place of publication, distribution, etc México :
Name of publisher, distributor, etc Gobierno de la República :
-- Senado de la República, LXII Legislatura :
-- Secretaría de Educación Pública :
-- Instituto Nacional de Estudios Históricos de las Revoluciones de México,
Date of publication, distribution, etc 2014.
300 ## - PHYSICAL DESCRIPTION
Extent 359 p. :
Other physical details il. +
Dimensions 31 cm.
Accompanying material 1 facsimilar (34 p. )
490 ## - SERIES STATEMENT
Series statement Biblioteca Mexicana del Conocimiento
500 ## - GENERAL NOTE
General note "Centenario Constitución Política de los Estados Unidos Mexicanos 1917-2017"
610 10 - SUBJECT ADDED ENTRY--CORPORATE NAME
Corporate name or jurisdiction name as entry element México.
General subdivision Constitución de Apatzingán.
650 #7 - SUBJECT ADDED ENTRY--TOPICAL TERM
Source of heading or term lemb
Topical term or geographic name as entry element Historia constitucional
Geographic subdivision México
650 #7 - SUBJECT ADDED ENTRY--TOPICAL TERM
Source of heading or term lemb
Topical term or geographic name as entry element Derecho constitucional
Geographic subdivision México
942 ## - ADDED ENTRY ELEMENTS (KOHA)
Source of classification or shelving scheme Biblioteca del Cogreso de los Estados Unidos
Koha item type Libro
Holdings
Estado de pérdida Fuente de clasificación Estado del daño No para préstamo Ubicación permanente Ubicación actual Apartado o colección Fecha de adquisición Área del conocimiento Clasificación Código de Barras Date last seen Número de copia Tipo de recurso Nota pública
  Biblioteca del Cogreso de los Estados Unidos     Biblioteca del Instituto de Investigaciones Históricas Biblioteca del Instituto de Investigaciones Históricas Fondo Michoacán 29/04/2019 Ciencias Sociales y Administrativas KGF2914 [1814] F59 2014 IIH000028387 29/04/2019 C:1 Libro GENERAL